000 00662nam a2200229Ia 4500
001 10371
003 GE_BSU
008 181216s||||||||xx |||||||||||||| ||und||
040 _cGE_BSU
080 _a821.353.1–11
100 _aტაბიძე,გალაქტიონ
245 _aაკაკი წერეთელი
245 _bლექსები
245 _cრედ.რ.გვეტაძე
260 _aთბილისი
260 _bფედერაცია
260 _c1940
300 _a144გვ.16სმ.
653 _aაკაკი წერეთელი
653 _aლექსები
942 _cBK
999 _c43636
_d43636